Return of Sherlock Holmes (Record no. 7794)

MARC details
000 -LEADER
fixed length control field 00479cam a2200205ua 4500
001 - CONTROL NUMBER
control field 8703
005 - DATE AND TIME OF LATEST TRANSACTION
control field 20260515114352.0
008 - FIXED-LENGTH DATA ELEMENTS--GENERAL INFORMATION
fixed length control field 150212n ii |||gr||||Z||||||eng
020 ## - INTERNATIONAL STANDARD BOOK NUMBER
International Standard Book Number 8172247257
040 ## - CATALOGING SOURCE
Transcribing agency MAIN
041 ## - LANGUAGE CODE
Language code of text/sound track or separate title eng
082 ## - DEWEY DECIMAL CLASSIFICATION NUMBER
Classification number 823N
100 ## - MAIN ENTRY--PERSONAL NAME
Personal name Doyle, A. C.,
Relator term Author.
245 1# - TITLE STATEMENT
Title Return of Sherlock Holmes
Statement of responsibility, etc. By Aethur Conan Doyle
250 ## - EDITION STATEMENT
Edition statement 1st.
260 ## - PUBLICATION, DISTRIBUTION, ETC.
Place of publication, distribution, etc. New Delhi:
Name of publisher, distributor, etc. Jaico,
Date of publication, distribution, etc. 2008.
300 ## - PHYSICAL DESCRIPTION
Extent 330p.
653 ## - INDEX TERM--UNCONTROLLED
Uncontrolled term English fiction
942 ## - ADDED ENTRY ELEMENTS (KOHA)
Koha item type Books
Holdings
Withdrawn status Lost status Damaged status Not for loan Home library Current library Shelving location Date acquired Total checkouts Full call number Barcode Date last seen Date last checked out Copy number Price effective from Koha item type
        Naharkatiya College Library Naharkatiya College Library General stacks 09/19/2020 1 823N | DOY 19607 04/25/2022 04/11/2022 1 09/19/2020 Books